000 00654nam a2200181Ia 4500
008 090630s9999 xx 000 0 und d
082 _b23546
100 _aकोपर्डेकर शरदचंद्र.
245 _aकरुणाकर.
_cकोपर्डेकर शरदचंद्र.
260 _bमनोरमा - मुंबई.
_c2004
300 _a609
600 _aकोपर्डेकर शरदचंद्र.
630 _aकरुणाकर.
655 _aकादंबरी.
700 _aकोपर्डेकर शरदचंद्र.
730 _aकरुणाकर.
942 _cBOOK
999 _c275402
_d275402